Statistics for Least Guessed Countries on Each Pixelated Map

Click here to take the quiz!

General Stats

  • This quiz has been taken 86 times
  • The average score is 14 of 30

Answer Stats

Quiz%Answer% Correct
Pixelated Europe78%Kosovo
72%
Pixelated Europe78%Moldova
72%
Pixelated Europe86%Bosnia and
Herzegovina
66%
Pixelated Americas86%Suriname
62%
Pixelated Europe78%Montenegro
59%
Pixelated Americas93%Paraguay
57%
Pixelated Asia81%Tajikistan
55%
Pixelated Asia79%Kyrgyzstan
54%
Pixelated Asia78%Azerbaijan
53%
Pixelated Americas83%Honduras
49%
Pixelated Asia78%Georgia
49%
Pixelated Europe86%Bulgaria
49%
Pixelated Africa70%Burkina Faso
47%
Pixelated World64%Burkina Faso
47%
Pixelated World62%Benin
47%
Pixelated World70%Guinea
47%
Pixelated Africa75%Guinea
47%
Pixelated Africa72%Benin
47%
Pixelated United States75%Vermont
46%
Pixelated Americas92%Bolivia
43%
Pixelated Africa71%Malawi
42%
Pixelated Africa72%Gabon
38%
Pixelated World66%Gabon
38%
Pixelated Asia82%Jordan
36%
Pixelated World65%Sierra Leone
36%
Pixelated United States70%Maryland
35%
Pixelated United States71%Massachusetts
34%
Pixelated United States65%Connecticut
31%
Pixelated Americas93%Venezuela
27%
Pixelated United States75%Pennsylvania
12%

Score Distribution

Percentile by Number Answered

Percent of People with Each Score

Your Score History

You have not taken this quiz